1186 1661 1412 1095 1332 1695 1034 1936 1246 1318 1387 1855 1309 1598 1916 1227 1644 1787 1315 1957 1740 1974 1926 1276 1269 1707 1456 1355 1656 1840 1882 1674 1955 1582 1342 1917 1190 1856 1800 1287 1727 1726 1557 1947 1032 1784 1853 1439 1918 1077 1560 1341 1883 1866 1328 1752 1148 1237 1557 1918 1970 1504 1159 1630 1965 1336 1701 1274 1874 1266 1294 1257 1495 1146 1678 1643 1766 1470 1090 1000 1808 1579 1014 1091 1993 1090 1375 1729 1841 1923 1940 1166 1712 1629 1736 1857 1968 1051 1288 BCNSPRNW ULIB Ver.6.0+V

เปลี่ยนเป็นภาษาไทย

Change to English
 แสดงรายละเอียดบรรณานุกรม
  กลับหน้าหลัก

Brief Record : Get Marc (ISO 2709) : E-mail record : QR code < ปิดหน้าต่าง
LEADER : 00000nam 2200000uu 4500
001    13399128777
003     ULIB
008    240906s2565||||th 000 0 tha d
020    ^a9786164078048
060    ^aWP100^bธ525น^cล.2
100    ^aธาริณี แม่นชนะ, พธู ตัณฑ์ไพโรจน์, ชินา โอฬารรัตนพันธ์, สมสุข สันติเบ็ญจกุล, ณัฏฐ์กฤตา โพธิพรธวัฒน์, ณัฐชา พูลเจริญ, ภิญญดา ปัญญาวรานันท์, นลินา ออประยูร และปวีณา ธุวะนุติ
245    ^aนรีเวชวิทยา เล่มที่ 2
250    ^aพิมพ์ครั้งที่ 5
260    ^aกรุงเทพมหานคร :^bจุฬาลงกรณ์มหาวิทยาลัย,^c2565
300    ^a900 หน้า^bภาพประกอบ, ตาราง, ภาคผนวก
650    ^aนรีเวชวิทยา
945    ^p300^l0^i30251
945    ^p300^l0^i30252
999    ^aกัณชพร จุลอักษร
รายการนี้ยังไม่มีแท็ก
คุณยังไม่ได้ล็อกอิน คุณสามารถมีกิจกรรมร่วมกับเว็บไซต์ได้ แต่ต้องล็อกอินก่อน ::
  ล็อกอิน

รายการสื่อสารสนเทศ

ลำดับที่ ประเภท เลขเรียก/บาร์โค้ด สถานที่ สถานะ
1. หนังสือสำรอง
หนังสือสำรอง
WP100 ธ525น ล.2 ฉ.1 
  Barcode: 30251
ห้องสมุดวิทยาเขตนครสวรรค์
►หนังสือทั่วไป:l:General Books
บนชั้น
2. วิทยาศาสตร์การแพทย์ และสุขภาพ
วิทยาศาสตร์การแพทย์ และสุขภาพ
WP100 ธ525น ล.2 ฉ.2 
  Barcode: 30252
ห้องสมุดวิทยาเขตนครสวรรค์
►หนังสือทั่วไป:l:General Books
ถูกยืม กำหนดส่งวันที่ 17 พฤษภาคม 2569
  จอง

รายการใกล้เคียง
    ชื่อเรื่อง [นรีเวชวิทยา เล่มที่ 2]

    ผู้แต่ง [ธาริณี แม่นชนะ, พธู ตัณฑ์ไพโรจน์, ชินา โอฬารรัตนพันธ์, สมสุข สันติเบ็ญจกุล, ณัฏฐ์กฤตา โพธิพรธวัฒน์, ณัฐชา พูลเจริญ, ภิญญดา ปัญญาวรานันท์, นลินา ออประยูร และปวีณา ธุวะนุติ]

    หัวเรื่อง [นรีเวชวิทยา]

BibComment


ยังไม่เคยถูกคอมเมนท์

คอมเมนท์ทรัพยากรรายการนี้
  คอมเมนท์: นรีเวชวิทยา เล่ม..


 Copyright 2026. Bcnsprnw @Library